[Event "Canadian op"]
[Site "Calgary"]
[Date "2023.07.25"]
[Round "5"]
[White "Hoekman, Samuel"]
[Black "He, Matthew"]
[Result "1/2-1/2"]
[WhiteElo "1782"]
[BlackElo "1861"]
[PlyCount "90"]
[EventDate "2023.07.22"]
[EventType "swiss"]
[EventRounds "10"]
[EventCountry "CAN"]
[SourceTitle "EXT 2024"]
[Source "ChessBase"]
[SourceDate "2023.10.10"]
[SourceVersion "1"]
[SourceVersionDate "2023.10.10"]
[SourceQuality "1"]

1. d4 d5 2. Nf3 Nf6 3. g3 Bf5 4. Bg2 e6 5. 0-0 Be7 6. c4 c6 7. Nc3 Nbd7 8. Qb3 Qb6 9. c5 Qa6 10. Nh4 Bg4 11. h3 Bh5 12. g4 Bg6 13. Nxg6 hxg6 14. Qc2 0-0-0 15. Bf4 Nh7 16. Rfb1 Ng5 17. Bxg5 Bxg5 18. e4 Qc4 19. Rd1 Rdf8 20. Bf1 Qb4 21. a3 Qa5 22. b4 Qc7 23. b5 f5 24. e5 Nb8 25. bxc6 bxc6 26. Rab1 fxg4 27. Qxg6 Qf7 28. Qxf7 Rxf7 29. hxg4 Rf4 30. Be2 Rh3 31. f3 Rf8 32. Rd3 Rfh8 33. Bf1 Rh1+ 34. Kg2 Bf4 35. Kf2 R8h2+ 36. Bg2 Rxb1 37. Nxb1 Nd7 38. Nc3 Nf8 39. Ne2 Ng6 40. Rd1 Kb7 41. Rb1+ Kc7 42. a4 a5 43. Rg1 Bg5 44. Rh1 Rxh1 45. Bxh1 Nf4 1/2-1/2

[Event "Canadian op"]
[Site "Calgary"]
[Date "2023.07.22"]
[Round "1"]
[White "Hoekman, Samuel"]
[Black "Houshdaran, Soheil"]
[Result "1-0"]
[WhiteElo "1782"]
[BlackElo "1617"]
[PlyCount "89"]
[EventDate "2023.07.22"]
[EventType "swiss"]
[EventRounds "10"]
[EventCountry "CAN"]
[SourceTitle "EXT 2024"]
[Source "ChessBase"]
[SourceDate "2023.10.10"]
[SourceVersion "1"]
[SourceVersionDate "2023.10.10"]
[SourceQuality "1"]

1. d4 Nf6 2. c4 g6 3. g3 c5 4. d5 Bg7 5. Bg2 0-0 6. Nc3 d6 7. Nf3 Nbd7 8. 0-0 Nb6 9. Qb3 e6 10. e4 exd5 11. exd5 Bf5 12. Rd1 Re8 13. Bf4 Ne4 14. Nxe4 Rxe4 15. Nd2 Rd4 16. Bf1 Bd7 17. a4 Rxf4 18. gxf4 Bh6 19. Bh3 Bxf4 20. Bxd7 Nxd7 21. Nf3 Ne5 22. Re1 Qb6 23. Ra3 Qc7 24. Re4 Nxf3+ 25. Qxf3 Be5 26. b3 f5 27. Re3 Qe7 28. Ra2 Qg5+ 29. Qg2 Qf6 30. Rae2 Rf8 31. Re1 Kh8 32. Kh1 f4 33. Rh3 Qf5 34. Rg1 Kg7 35. Qf3 Kh8 36. Qd3 Qxd3 37. Rxd3 f3 38. Re1 g5 39. b4 b6 40. bxc5 bxc5 41. Rb3 Kg7 42. Rb7+ Rf7 43. Rxf7+ Kxf7 44. Rb1 Kg6 45. Rb7 1-0

[Event "Banff op"]
[Site "Banff"]
[Date "2022.11.12"]
[Round "3"]
[White "Hoekman, Samuel"]
[Black "Doknjas, Neil"]
[Result "0-1"]
[WhiteElo "1748"]
[BlackElo "2027"]
[PlyCount "42"]
[EventDate "2022.11.11"]
[EventType "swiss"]
[EventRounds "6"]
[EventCountry "CAN"]
[SourceTitle "CBM 211 Extra"]
[Source "ChessBase"]
[SourceDate "2023.01.31"]
[SourceVersion "1"]
[SourceVersionDate "2023.01.31"]
[SourceQuality "1"]

1. d4 Nf6 2. c4 e6 3. g3 d5 4. Bg2 Be7 5. Nf3 0-0 6. 0-0 dxc4 7. Qc2 b5 8. a4 b4 9. Nfd2 Nd5 10. Nxc4 c5 11. dxc5 Ba6 12. Ne3 Nd7 13. Rd1 Bxc5 14. Nxd5 exd5 15. Rxd5 Rc8 16. Qd1 Qf6 17. e3 Nb6 18. Rh5 g6 19. Rh4 Rfd8 20. Qf3 Be7 21. Rf4 Rxc1+ 0-1

[Event "Banff op"]
[Site "Banff"]
[Date "2022.11.11"]
[Round "2"]
[White "Wolchock, Theo"]
[Black "Hoekman, Samuel"]
[Result "1/2-1/2"]
[WhiteElo "2055"]
[BlackElo "1748"]
[PlyCount "58"]
[EventDate "2022.11.11"]
[EventType "swiss"]
[EventRounds "6"]
[EventCountry "CAN"]
[SourceTitle "CBM 211 Extra"]
[Source "ChessBase"]
[SourceDate "2023.01.31"]
[SourceVersion "1"]
[SourceVersionDate "2023.01.31"]
[SourceQuality "1"]

1. e4 c5 2. Nf3 e6 3. b3 Nc6 4. Bb2 Nf6 5. e5 Nd5 6. c4 Nde7 7. Bd3 b6 8. 0-0 Bb7 9. Be4 Qc7 10. Qe2 Ng6 11. Na3 a6 12. Nc2 0-0-0 13. d4 d6 14. Rfd1 dxe5 15. dxe5 Be7 16. Rxd8+ Rxd8 17. Bxg6 hxg6 18. Rd1 Rh8 19. Ne3 Rd8 20. Rxd8+ Qxd8 21. Qd2 Qxd2 22. Nxd2 Nb4 23. a3 Nd3 24. Bc3 Bg5 25. Kf1 Bf4 26. Ng4 Nc1 27. Ne3 Nd3 28. Ng4 Nc1 29. Ne3 Nd3 1/2-1/2